| 000 | 00601nam a2200205 4500 | ||
|---|---|---|---|
| 001 | 126149 | ||
| 003 | ES-MaACL | ||
| 005 | 20230906192750.0 | ||
| 007 | t| | ||
| 008 | 070214s1973 sp r ||||1| spa d | ||
| 100 | 1 |
_aRekers, Ben. _996106 |
|
| 245 | 1 | 0 |
_aArias Montano / _cBen Rekers ; versión española y epílogo de Angel Alcalá. |
| 260 |
_aMadrid : _bTaurus, _c1973. |
||
| 300 |
_a261 p. ; _c21 cm. |
||
| 490 | 1 |
_aEnsayistas ; _v107 |
|
| 700 | 1 |
_aAlcalá Galve, Ángel. _919463 |
|
| 830 | 0 |
_aEnsayistas ; _v107 _9177257 |
|
| 852 |
_aES-MaACL _jL-9510 _bR.111331 |
||
| 999 |
_c126149 _d126149 |
||